|
|
|
|
| LEADER |
01106nam a22002897a 4500 |
| 001 |
28176 |
| 003 |
BD-DhAAL |
| 005 |
20190523135242.0 |
| 008 |
130102s2012 ja ae 000 0 eng |
| 999 |
|
|
|c 32860
|d 32860
|
| 020 |
|
|
|a 9784871406789
|
| 040 |
|
|
|a BD-DhAAL
|c BD-DhAAL
|
| 050 |
|
|
|a eng jpn
|
| 082 |
0 |
0 |
|a 720.9489
|
| 245 |
0 |
0 |
|a BIG Bjarke Ingels Group :
|b recent project /
|c edited by Yukio Futagawa.
|
| 246 |
3 |
3 |
|a BIG recent project.
|
| 260 |
|
|
|a Tokyo, Japan :
|b A.D.A. EDITA Tokyo Co.,
|c c2012.
|
| 300 |
|
|
|a 207 p. :
|b ill. (chiefly col.), plans (chiefly col.) ;
|c 30 cm.
|
| 526 |
|
|
|a ARC
|
| 541 |
|
|
|e 28176
|
| 610 |
2 |
0 |
|a BIG Bjarke Ingels Group|vDesigns and plans.
|9 5380
|
| 650 |
|
0 |
|a Architecture
|x History
|y 21st century.
|z Denmark
|9 5381
|
| 650 |
|
0 |
|a Architecture, Modern
|y 21st century.
|9 5382
|
| 700 |
1 |
|
|a Futagawa, Yukio,
|d 1932-
|9 5383
|
| 710 |
2 |
|
|a BIG Bjarke Ingels Group.
|9 5384
|
| 942 |
|
|
|2 ddc
|c BK
|
| 952 |
|
|
|0 0
|1 0
|2 ddc
|4 0
|6 720_948900000000000_BIG
|7 0
|9 43101
|a BRACUL
|b BRACUL
|c GEN
|d 2014-07-13
|e Trim Education
|g 6300.00
|l 27
|m 200
|o 720.9489 BIG
|p 3010028176
|r 2026-05-04
|s 2026-04-13
|t 1
|w 2014-07-13
|y BK
|